000 00780cab a2200253 4500
001 WB3321-20
008 090401t1997 xxu||||| |||| 00| 0 eng d
035 _a(Sirsi) u78581
041 _aeng
245 _aEx-tenants win housing test case
260 _c1997
350 _a0
490 _aGuardian
_v23 May 1997, 8(1)
520 _aFormer council tenants who claim they were knowingly sold a defective council house by their local authority have been given permission by the Court of Appeal to sue Barnet Council.
650 _aBARNET COUNCIL
650 _aBUILDING DEFECTS
650 _aCOUNCIL HOUSES
650 _aDEFECTIVE HOUSES
650 _aLARGE PANEL SYSTEM HOUSING
650 _aRIGHT-TO-BUY
690 _aHOUSING
942 _n0
948 _c28/05/1997
999 _c49420
_d49420